01139cam a2200265 a 450000100100000000500170001000800410002702000150006804000230008308200200010610000400012624501320016626000830029830000210038149000350040250400320043760000770046965000430054665000600058983000430064991000340069204900090072695201230073599900150085800000743520200929154153.0790717s1981 pr b s000 0 spa  a0847700593 aDO-SdBNPcDLCdDLC aPR861.44bG643o1 aGonzález Torres, Rafael A.91463913aLa obra poética de Félix Franco Oppenheimer :bestudio temático-analítico-estilístico /cRafael A. González Torres. aRio Piedras, (Puerto Rico :bUniversitaria, Universidad de Puerto Rico,c1981. a246 p. ;c18 cm.1 aEstudios literariosv59aUprex aBibliografía: p. 181-192.10aFRANCO OPPENHEIMER, FÉLIX,d1912-xCRÍTICA E INTERPRETACIÓN920642 4aPoetas argentinosvBIOGRAFÍAS920643 4aPoetas españolesxCrítica e interpretación914275 0aEstudios literarios ;v59pUprex98978 aCatalogación por copia / LC aBNGR 001052708MOaGRbGRcCTd2009-09-08iLF1l0oPR861.44 G643op7435-10r2020-06-25w2020-06-25y2ZPréstamo interno c7216d7216